L'équipage de Barbe Blanche - Statistiques

Statistiques générales
  • Ce quiz a été pris 27 fois
  • Le résultat moyen est 19 sur 87
Statistiques - réponses
Indice Réponse % Correct
Commandant de la 1ère flotte, le "Phoenix" Marco
100%
Commandant de la 2nde flotte, le "Poing ardent" Portgas D. Ace
100%
Capitaine, surnommé Barbe Blanche Edward Newgate
96%
Commandant de la 3ème flotte, le "Diamant" Joz
77%
Ex-Commandant de la 2nde flotte, daimyo de Wa Kozuki Oden
77%
Commandant de la 5ème flotte, la "Lame fleurie" Vista
77%
Ex-Membre de la 2nde flotte, traitre Marshall D. Teach
65%
Ex-Commandant de la 4ème flotte, assassiné Satch
65%
Commandant de la 16ème flotte, issu du pays des Wa Izo
54%
Ex-Membre d'équipage, mink chien, le "Roi de l'aurore" Inuarashi
46%
Ex-Membre d'équipage, mink chat, le "Roi du crépuscule" Nekomamushi
46%
Commandant de la 6ème flotte, détient le Poke Poke no Mi Blamenco
42%
Ex-Membre d'équipage, peut voyager dans le futur Kozuki Toki
42%
Capitaine allié, "l'Araignée des Maelstrom" Squardo
38%
Capitaine allié, Pirates du Soleil, le "Preux" Jinbe
35%
Commandant de la 13ème flotte, le "Buffle d'eau" Atmos
31%
Commandant de la 9ème flotte, le plus grand commandant Blenheim
31%
Commandant de la 8ème flotte, homme poisson Namur
31%
Capitaine allié, race des anciens géants Oz Jr
31%
Commandant de la 15ème flotte, utilise une épée en feu Fossa
27%
Capitaines alliés, 2 frères Frères Decalvan
27%
Commandant de la 12ème flotte Haruta
27%
Capitaine alliée, la "Sorcière des glaces" Whitey Bay
27%
Capitaine allié AO
23%
Commandant de la 10ème flotte, utilise des armes à feu Curiel
23%
Commandant de la 11ème flotte, utilise des gants d'acier Kingdew
23%
Commandant de la 7ème flotte, utilise un fléau-zoan Rakuyo
23%
Commandant de la 14ème flotte, très rapide Speed Jiru
23%
Capitaine allié, le "Chevalier bohème" Doma
19%
Capitaine allié, machoire d'acier Bizarre
15%
Capitaine allié, homme-girafe Cands
15%
Capitaine alliée Elmy
15%
Capitaine allié, homme-chenille Epoida
15%
Capitaine allié, homme-morse Islewan
15%
Capitaine allié, homme-poulpe Karma
15%
Membre des Spade, 1er compagnon d'Ace Masked Deuce
15%
Capitaine allié, le "Seigneur du tonnerre" Mc Guy
15%
Membre des Spade Skull
15%
Capitaine allié Amadob
12%
Capitaine allié et ex-membre de l'équipage Andre
12%
Capitaine allié Arthur
12%
Capitaine allié, avec son lion Blondie
12%
Capitaine allié Brew
12%
Capitaine alliée Brocca
12%
Capitaine allié Colscon
12%
Capitaine allié Delacuaji
12%
Capitaine allié Hangan
12%
Capitaine allié Julius
12%
Capitaine allié et ex-membre de l'équipage Kinga
12%
Membre des Spade Kotatsu
12%
Capitaine allié Ramba
12%
Capitaine allié Rush
12%
Chien de Barbe Blanche Stefan
12%
Infirmière de Barbe Blanche Teto
12%
Capitaine allié Vitan
12%
Capitaine allié Wallem
12%
Capitaine allié Zodia
12%
Membre des Spade Aggie 68
8%
Capitaine allié Baggaley
8%
Membre des Spade Banra
8%
Membre des Spade Barry
8%
Capitaine allié Choi
8%
Membre des Spade Cornelia
8%
Membre des Spade Dogya
8%
Membre des Spade Ducky Bree
8%
Capitaine allié Forliewbs
8%
Membre des Spade Ganryu
8%
Capitaine allié Great Michael
8%
Capitaine allié Happygun
8%
Membre des Spade Hublot
8%
Capitaine allié Kechatch
8%
Membre des Spade Kimel
8%
Membre des Spade Kukai
8%
Membre des Spade Leonero
8%
Membre des Spade Mihar
8%
Capitaine allié Ninth
8%
Capitaine allié Nosgarl
8%
Membre des Spade Ossamondo
8%
Capitaine allié Palms
8%
Capitaine allié Pavlik
8%
Membre des Spade Pinnacle
8%
Médecin de l'équipage Ralph
8%
Capitaine allié Reforto
8%
Capitaine allié Sleepy
8%
Membre des Spade Wallace
8%
Capitaine allié Zucca
8%
Capitaine allié Agsilly
4%
Aucun quiz correspondant
Distribution des résultats
% des personnes avec chaque résultat
Percentile par nombre de réponses
Votre historique - résultats
Vous n’avez pas pris ce quiz